| 000 | 00864nam a2200265Ia 4500 | ||
|---|---|---|---|
| 003 | OSt | ||
| 005 | 20221005023648.0 | ||
| 006 | a|||||r|||| 00| 0 | ||
| 007 | ta | ||
| 008 | 221004b |||||||| |||| 00| 0 eng d | ||
| 020 |
_a97830392112364 (pbk) _c5439.87 |
||
| 024 | _a97376 | ||
| 037 |
_b409, 19/01/2009, Bhartiya Sahitya Bhawan _cTextual |
||
| 040 |
_aCRL _cCRL _beng |
||
| 041 |
_2eng _aeng |
||
| 082 | _aO111,1K08:g(W:5), P7 | ||
| 100 |
_aCtristophe Tournu Ed. _9557023 |
||
| 245 | 0 | _aMilton, rights and liberties | |
| 260 |
_aBern _bPeter Lang Switzerland _c2007 |
||
| 300 |
_axiv,533p. _ccm. |
||
| 650 | _aENGLISH LITERATURE | ||
| 700 |
_a Forsyth Neil Ed. _9557024 |
||
| 942 |
_hO111,1K08:g(W:5), P7 _cTEXL _2cc |
||
| 999 |
_c931551 _d931551 |
||